| Tag |
First Indicator |
Second Indicator |
Subfields |
| LEADER |
00000nam a2200000Ia 4500 |
| 001 |
in00004244530 |
| 005 |
20200807091926.0 |
| 006 |
m g d |
| 007 |
cr bn |||a|bb| |
| 008 |
840525s1693 enk o 00| | eng d |
| 035 |
|
|
|a (OCoLC)10776083
|
| 040 |
|
|
|a UMI
|c UMI
|d m/c
|d UMI
|d WaOLN
|
| 037 |
|
|
|a CL0037000048
|b ProQuest Information and Learning. 300 N. Zeeb Rd., Ann Arbor, MI 48106
|
| 090 |
|
|
|a BV4639
|b .W37 1693
|
| 049 |
|
|
|a UMIA
|
| 100 |
0 |
|
|a H. W.
|q (Henry Waring)
|
| 245 |
1 |
4 |
|a The rule of charity /
|c by H.W., gent.
|
| 260 |
|
|
|a London :
|b Printed for the author,
|c 1693.
|
| 300 |
|
|
|a 1 online resource ([8], 100 pages)
|
| 336 |
|
|
|a text
|b txt
|2 rdacontent
|
| 337 |
|
|
|a computer
|b c
|2 rdamedia
|
| 338 |
|
|
|a online resource
|b cr
|2 rdacarrier
|
| 500 |
|
|
|a The epistle dedicatory signed: Henry Waring.
|
| 500 |
|
|
|a Reproduction of original in the University of Illinois (Urbana-Champaign Campus). Library.
|
| 510 |
4 |
|
|a Wing
|c W858A.
|
| 533 |
|
|
|a Electronic reproduction.
|b Ann Arbor, Mich. :
|c UMI,
|d 1999-
|f (Early English books online)
|n Digital version of: (Early English books, 1641-1700 ; 1412:16)
|7 s1999 miun s
|
| 650 |
|
0 |
|a Charity.
|
| 830 |
|
0 |
|a Early English books online.
|
| 856 |
4 |
0 |
|u http://proxy.library.tamu.edu/login?url=https://search.proquest.com/docview/2240860525
|z Connect to the full text of this electronic book
|t 0
|
| 999 |
f |
f |
|s 896f3d73-0c0f-3700-8f6b-79c935a7827b
|i 95d8b9cd-329f-323f-b34e-0bc02e2459b9
|t 0
|
| 952 |
f |
f |
|a Texas A&M University
|b College Station
|c Electronic Resources
|d Available Online
|t 0
|e BV4639 .W37 1693
|h Library of Congress classification
|
| 998 |
f |
f |
|a BV4639 .W37 1693
|t 0
|l Available Online
|